LeBron James NBA All Star Teammates - Statistics

General Stats
  • This quiz has been taken 721 times
    55 since last reset
  • The average score is 14 of 30
Answer Stats
AS Player Team Last % Correct
13 Dwyane Wade Cavaliers, Heat 2019
100%
8 Kyrie Irving Cavaliers 2022
96%
8 Anthony Davis Lakers 2021
94%
11 Chris Bosh Heat 2016
94%
6 Luka Dončić Lakers 2026
88%
5 Kevin Love Cavaliers 2018
85%
15 Shaquille O'Neal Cavaliers 2009
83%
8 Dwight Howard Lakers 2014
71%
10 Ray Allen Heat 2011
71%
9 Russell Westbrook Lakers 2020
71%
1 Juwan Howard Heat 1996
69%
10 Carmelo Anthony Lakers 2017
65%
2 Zydrunas Ilgauskas Cavaliers 2005
54%
3 Derrick Rose Cavaliers 2012
48%
4 Rajon Rondo Lakers 2013
44%
1 D'Angelo Russell Lakers 2019
42%
1 Mo Williams Cavaliers 2009
38%
3 Deron Williams Cavaliers 2012
35%
2 Isaiah Thomas Cavaliers 2017
27%
1 Brandon Ingram Lakers 2020
25%
4 DeMarcus Cousins Lakers 2018
17%
4 Ben Wallace Cavaliers 2006
15%
2 Carlos Boozer Cavaliers 2008
15%
1 Kyle Korver Cavaliers 2015
15%
1 DeAndre Jordan Lakers 2017
13%
2 Antawn Jamison Cavaliers 2008
10%
4 Shawn Marion Cavaliers 2007
8%
1 Tyson Chandler Lakers 2013
6%
2 Rashard Lewis Heat 2009
2%
1 Wally Szczerbiak Cavaliers 2002
2%
No matching quizzes found
Score Distribution
Percent of People with Each Score
Percentile by Number Answered
Your Score History
You have not taken this quiz since the last reset